| 000 | 01009pam a2200313 a 4500 | ||
|---|---|---|---|
| 001 | 015483228 | ||
| 003 | OSt | ||
| 005 | 20201128021006.0 | ||
| 008 | 100126t2011 xxua frbd 001 0 eng d | ||
| 020 | _a9780135094891 | ||
| 020 | _a0135094895 | ||
| 040 |
_aStDuBDS _beng _cStDuBDS _dUkOxU _dUk |
||
| 082 | 0 | 4 |
_a658.4038 _222 _bHOF |
| 100 | 1 |
_aHoffer, Jeffrey A. _93865 |
|
| 245 | 1 | 0 |
_aModern systems analysis and design / _cJeffrey A. Hoffer, Joey F. George, Joseph S. Valacich. |
| 250 |
_a6th ed., _bInternational ed. |
||
| 260 |
_aBoston, United States : _bPearson Prentice Hall, _cc.2011. |
||
| 300 |
_a575 p. : _bill. (col.) ; _c28 cm. |
||
| 500 | _aGlossary : p. 555-565. | ||
| 500 | _aIndex : p. 566-575. | ||
| 504 | _aBibliography : p. 552. | ||
| 650 | 0 |
_aSystem analysis. _9734 _2BUEsh |
|
| 650 | 0 |
_aSystem design. _9733 _2BUEsh |
|
| 651 | _2BUEsh | ||
| 653 | _cDecember2013 | ||
| 700 | 1 |
_aGeorge, Joey F. _93868 |
|
| 700 | 1 |
_93869 _aValacich, Joseph S., _d1959- |
|
| 942 |
_2ddc _cBB _k658.4038 HOF |
||
| 999 |
_c17860 _d17832 |
||